Ivy League Colleges by State - Statistics

General Stats
  • This quiz has been taken 283 times
  • The average score is 9 of 15
Answer Stats
School State % Correct
Pennsylvania Pennsylvania
94%
Columbia New York
93%
Harvard Massachusetts
92%
Princeton New Jersey
86%
Yale Connecticut
85%
Cornell New York
75%
Brown Rhode Island
72%
Dartmouth New Hampshire
64%
Bryn Mawr Pennsylvania
36%
Barnard New York
35%
Radcliffe Massachusetts
32%
Wellesley Massachusetts
32%
Vassar New York
32%
Smith Massachusetts
26%
Mount Holyoke Massachusetts
25%
No matching quizzes found
Score Distribution
Percent of People with Each Score
Percentile by Number Answered
Your Score History
You have not taken this quiz